| 000 | 00840nam a2200241Ia 4500 | ||
|---|---|---|---|
| 003 | GCL | ||
| 008 | 140319s9999 xx 000 0 ara d | ||
| 040 |
_aGCL / _cGCL |
||
| 082 | 0 | 4 |
_aق _b962.07 _bا ت |
| 100 | 1 | _aاحمد بهاءالدين | |
| 245 | 1 | 0 |
_aتأثير الثروة النفطية على العلاقات السياسية العربية / _cاحمد بهاءالدين |
| 700 | 1 | _aاحمد يوسف احمد | |
| 250 | _aالاولى | ||
| 260 |
_aالقاهرة : _bدار المستقبل العربى ، _c1985 |
||
| 300 |
_a150 ص ؛ _c22 سم |
||
| 490 | _a | ||
| 650 | 0 | 4 | _aالعالم العربى |
| 650 | 0 | 4 | _aالعلاقات الخارجية |
| 650 | 0 | 4 | _aالبترول |
| 650 | 0 | 4 | _aمنظمة الاقطار المصدرة للبترول |
| 650 | 0 | 4 | _aحرب اكتوبر 1973 |
| 942 |
_2ddc _cBK |
||
| 999 |
_c35924 _d35924 |
||